Supply chain management: strategy, planning, and operation

Đã lưu trong:
Chi tiết về thư mục
Những tác giả chính: Chopra, Sunil (Tác giả), Meindl, Peter (Tác giả)
Định dạng: Sách
Ngôn ngữ:Tiếng Anh
Được phát hành: Upper Saddle River Pearson Education 2010
Phiên bản:4a. ed
Những chủ đề:
Các nhãn: Thêm thẻ
Không có thẻ, Là người đầu tiên thẻ bản ghi này!

MARC

LEADER 00000cam a2200000 a 4500
001 UCG5176
003 CL-VaPUC
008 110113e20100000US |||||||||||||||||eng|d
020 |a 9780136080404 
082 0 4 |a 658.7  |b CHO  |2 21 
100 0 |a Chopra, Sunil  |e author  |9 554764 
700 0 |a Meindl, Peter  |e author  |9 554765 
245 1 0 |a Supply chain management: strategy, planning, and operation 
250 |a 4a. ed 
300 |a 501 p 
942 |c BK 
945 |d 20110113 00:00:00  |a cmena 
260 |a Upper Saddle River  |b Pearson Education  |c 2010 
650 0 |a Control de inventario  |9 263777 
650 7 |a GESTION DE STOCK  |2 CL-VaPUC  |9 527580 
650 0 |a Transporte de mercancias  |9 358742 
650 0 |a Producción  |x Planificación  |9 260672 
650 0 |a Planificación estratégica   |9 259735 
650 0 |a Gestión de la producción   |9 259467 
583 |a last modification  |c 20120417 10:05:59  |k Rodrigo Vera 
999 |c 343745  |d 343743 
952 |0 0  |1 0  |4 0  |6 658_700000000000000_CHO_2010  |7 0  |8 A  |9 441268  |a BIBING  |b BIBING  |d 2019-11-22  |i 4749251  |o 658.7 CHO 2010  |p 4749251  |r 2025-01-20  |w 2019-11-22  |y BK  |k EII 
952 |0 0  |1 0  |4 0  |6 658_700000000000000_CHO_2010  |7 0  |8 A  |9 441269  |a BIBING  |b BIBING  |d 2019-11-22  |i 4816668  |o 658.7 CHO 2010  |p 4816668  |r 2025-01-20  |w 2019-11-22  |y BK  |k EII 
952 |0 0  |1 0  |4 0  |6 658_700000000000000_CHO_2010  |7 0  |8 A  |9 441270  |a BIBING  |b BIBING  |d 2019-11-22  |i 4816676  |o 658.7 CHO 2010  |p 4816676  |r 2025-01-20  |w 2019-11-22  |y BK  |k EII 
952 |0 0  |1 0  |4 0  |6 658_700000000000000_CHO_2010  |7 0  |8 A  |9 441271  |a BIBING  |b BIBING  |d 2019-11-22  |i 4816684  |o 658.7 CHO 2010  |p 4816684  |r 2025-01-20  |w 2019-11-22  |y BK  |k EII 
952 |0 0  |1 0  |4 0  |6 658_700000000000000_CHO_2010  |7 0  |8 A  |9 441272  |a BIBING  |b BIBING  |d 2019-11-22  |i 4859979  |o 658.7 CHO 2010  |p 4859979  |r 2025-01-20  |w 2019-11-22  |y BK  |k EII 
952 |0 0  |1 0  |4 0  |6 658_700000000000000_CHO_2010  |7 0  |8 A  |9 441273  |a BIBING  |b BIBING  |d 2019-11-22  |i 4859987  |o 658.7 CHO 2010  |p 4859987  |r 2025-01-20  |w 2019-11-22  |y BK  |k EII 
952 |0 0  |1 0  |4 0  |6 658_700000000000000_CHO_2010  |7 0  |8 A  |9 441274  |a BIBING  |b BIBING  |d 2019-11-22  |i 4859995  |o 658.7 CHO 2010  |p 4859995  |r 2025-01-20  |w 2019-11-22  |y BK  |k EII 
952 |0 0  |1 0  |4 0  |6 658_700000000000000_CHO_2010  |7 0  |8 A  |9 441275  |a BIBING  |b BIBING  |d 2019-11-22  |i 4860004  |o 658.7 CHO 2010  |p 4860004  |r 2025-01-20  |w 2019-11-22  |y BK  |k EII